000 00717nam a2200193 a 4500
003 0
005 20250421114717.0
008 060801s19uu xx 00 eng d
050 _aPHS LB 3602
_b.L37 2006
100 _aLarrazabal, Anthony Joseph Ortega.
245 _aThe Importance of student council in honing leadership skills /
_cAnthony Joseph Ortega Larrazabal.
260 _aLas PiƱas City, Philippines :
_bSouthville International School and Colleges,
_c2006.
300 _a26 pages :
_billustrations ;
_c28 cm.
504 _aIncludes bibliographical references.
650 _aStudent government.
650 _aLeadership in adolescence.
650 _aHigh school students
_xLeadership.
942 _2lcc
_cPASS
999 _c97635
_d97635